| 000 | 00604nam a2200193Ia 4500 | ||
|---|---|---|---|
| 003 | GCL | ||
| 008 | 140319s9999 xx 000 0 ara d | ||
| 040 |
_aGCL / _cGCL |
||
| 082 | 0 | 4 |
_a822 _bم ش |
| 100 | 1 | _aانور المشرى (مترجم) | |
| 245 | 1 | 0 |
_aالشائعة / _cانور المشرى (مترجم) |
| 700 | 1 | _aموندو, تشارلز | |
| 260 |
_a[S.N] : _bمكتبة مصر ، _c1980 |
||
| 300 | _a167 ص | ||
| 490 |
_aمكتبة الفنون الدرامية _v0 |
||
| 650 | 0 | 4 | _aالادب الانجليزى |
| 650 | 0 | 4 | _aالمسرحيات الانجليزية |
| 942 |
_2ddc _cBK |
||
| 999 |
_c34555 _d34555 |
||